Religion Quiz

Random Religion Quiz

Greek Gods in English Quiz Stats

Quiz not verified by Sporcle

Challenge
Share
Tweet
Embed
Score 0/25 Timer 06:00
0 Plays Today
% Correct
Ἥηρα
86.2%
Ζεύς
86.2%
Ἄρης
85.1%
Νίκη
85.1%
Γαῖα
83.9%
Ἄρτεμις
80.5%
Κρόνος
80.5%
Ἡρακλῆς
80.5%
Δημήτηρ
79.3%
Ἄτλας
79.3%
Ἥφαιστος
78.2%
Ἔρως
78.2%
Διόνυσος
77%
% Correct
Περσεφόνη
77%
Ἀσκληπιός
77%
Ἀφροδίτη
75.9%
Ἀθηνᾶ
74.7%
Προμηθεύς
74.7%
Θέμις
74.7%
Ἑρμῆς
71.3%
Οὐρανός
71.3%
Ἑστία
70.1%
Ποσειδῶν
70.1%
Ἀπόλλων
70.1%
Ἅιδης
69%

You're not logged in!

Compare scores with friends on all Sporcle quizzes.
Join for Free
OR
Log In

You Might Also Like...

Show Comments

Extras

Top Quizzes Today


Score Distribution

Your Account Isn't Verified!

In order to create a playlist on Sporcle, you need to verify the email address you used during registration. Go to your Sporcle Settings to finish the process.

Report this User

Report this user for behavior that violates our Community Guidelines.

Details: